Normal view
MARC view
- الاستثمار -التخطيط الاقتصادي
Entry Topical Term
001 - CONTROL NUMBER
- control field: 33975
003 - CONTROL NUMBER IDENTIFIER
- control field: JO-AjAnu
005 - DATE AND TIME OF LATEST TRANSACTION
- control field: 20230606075708.0
008 - FIXED-LENGTH DATA ELEMENTS
- fixed length control field: 230606|| aca||aabn | a|a d
040 ## - CATALOGING SOURCE
- Original cataloging agency: JO-AjAnu
- Transcribing agency: JO-AjAnu
150 ## - HEADING--TOPICAL TERM
- Topical term or geographic name entry element: الاستثمار -التخطيط الاقتصادي
670 ## - SOURCE DATA FOUND
- Source citation: Work cat.: (JO-AjAnu)17450: تأليف: بوبليويل، كيث ؛ الترجمة باعتماد: خالد العامري, author 33974, فن التخطيط لحافظة الاستثمار = Investment Portfolio Planning